[Event "Open Aubagne 2022/2023"]
[Site "Aubagne"]
[Date "2023.02.04"]
[Round "6.7"]
[White "Cotton, Paul"]
[Black "Madi, Walid"]
[Result "1-0"]
[WhiteElo "1306"]
[BlackElo "1199"]
[PlyCount "85"]
[WhiteTeam "Cercle d'Echecs Aubagnais"]
[BlackTeam "Cercle d'Echecs Aubagnais"]

1. c4 Nf6 2. Nf3 d6 3. g3 g6 4. Bg2 Bg7 5. Nc3 O-O 6. O-O e5 7. d3 Nc6 8. Rb1
a5 9. a3 d5 10. cxd5 Nxd5 11. Bd2 Be6 12. Ng5 Nxc3 13. Nxe6 Nxe2+ 14. Qxe2 fxe6
15. Bxc6 bxc6 16. Rfc1 Qd5 17. Qe4 Ra6 18. Be3 Rd8 19. Rc3 Qa2 20. Rcc1 Rd5 21.
Qc4 Qxc4 22. dxc4 Rd3 23. Rd1 Rxd1+ 24. Rxd1 Ra8 25. Rd7 Rc8 26. Re7 e4 27. b3
Rb8 28. Rxc7 Rxb3 29. Bc5 Rc3 30. Rc8+ Kf7 31. Rc7+ Kg8 32. Rxg7+ Kxg7 33. Bd4+
Kf7 34. Bxc3 a4 35. Kf1 Ke7 36. Be5 Kd7 37. Ke2 Ke7 38. Kd2 c5 39. Ke3 Kd7 40.
Kxe4 Ke7 41. Kf4 Kf7 42. Kg5 h5 43. Bd6 1-0

[Event "Open Aubagne 2022/2023"]
[Site "Aubagne"]
[Date "2023.02.04"]
[Round "6.10"]
[White "Nakle-Fambon, Gabriel"]
[Black "Maggio, Lucas"]
[Result "0-1"]
[WhiteElo "1199"]
[BlackElo "1243"]
[PlyCount "70"]
[WhiteTeam "La Ciotat Echecs (LCE)"]
[BlackTeam "Cercle d'Echecs Aubagnais"]

1. c4 e5 2. Nc3 Bb4 3. Nf3 Bxc3 4. bxc3 d6 5. g3 Ne7 6. Bg2 Nbc6 7. d4 O-O 8.
O-O e4 9. Ng5 f5 10. c5 dxc5 11. Qb3+ Qd5 12. dxc5 Qxb3 13. axb3 h6 14. Nh3 Rd8
15. f3 Nd5 16. Bd2 e3 17. Be1 g5 18. Rd1 Be6 19. g4 f4 20. c4 Ndb4 21. Ra1 Nc2
22. Rc1 Nxe1 23. Rfxe1 Rd2 24. Rcd1 Rad8 25. Rc1 Nb4 26. Kh1 Nc2 27. Rxc2 Rxc2
28. Ng1 Rcd2 29. Rc1 Rd1 30. Rxd1 Rxd1 31. h3 Bxc4 32. b4 b6 33. cxb6 cxb6 34.
Kh2 a5 35. bxa5 bxa5 0-1

[Event "Open Aubagne 2022/2023"]
[Site "Aubagne"]
[Date "2023.02.04"]
[Round "6.11"]
[White "Vrillet, Loan"]
[Black "Autouard, Jean-Luc"]
[Result "1-0"]
[WhiteElo "1199"]
[BlackElo "1242"]
[PlyCount "99"]
[WhiteTeam "Cercle d'Echecs Aubagnais"]
[BlackTeam "Cercle d'Echecs Aubagnais"]

1. e4 c5 2. Nf3 d6 3. d4 cxd4 4. Nxd4 Nf6 5. Nc3 a6 6. f3 e5 7. Nb3 Be7 8. Be3
O-O 9. Qd2 Be6 10. O-O-O Nc6 11. g4 a5 12. g5 Ne8 13. Nd5 Bxd5 14. exd5 Nb4 15.
a3 Na6 16. Nxa5 Nc5 17. Nc4 b5 18. Bxc5 Bxg5 19. Be3 bxc4 20. Bxc4 Bxe3 21.
Qxe3 Nf6 22. Rdg1 Kh8 23. Rg2 Rc8 24. Bb3 Rg8 25. Rhg1 Nh5 26. Qe4 Nf4 27. Rg5
Nh3 28. Rh5 f5 29. Rxh7+ Kxh7 30. Qxf5+ g6 31. Qxh3+ Kg7 32. c3 Qf6 33. Bc2 Rh8
34. Qd7+ Kh6 35. Rxg6+ Qxg6 36. Bxg6 Kxg6 37. Qxd6+ Kf5 38. Qe6+ Kf4 39. Qf6+
Ke3 40. Qxe5+ Kf2 41. Qg3+ Kf1 42. f4 Rce8 43. Kd2 Re2+ 44. Kd3 Rhxh2 45. d6
Rhg2 46. Qf3+ Ke1 47. Kd4 Rgf2 48. Qh1+ Rf1 49. Qh4+ Ref2 50. d7 1-0

[Event "Open Aubagne 2022/2023"]
[Site "Aubagne"]
[Date "2023.02.04"]
[Round "6.12"]
[White "Rocchia, Alex"]
[Black "Leonti, Denis"]
[Result "0-1"]
[WhiteElo "1238"]
[BlackElo "1157"]
[PlyCount "62"]
[WhiteTeam "Cassis Echecs"]
[BlackTeam "Hay Chess"]

1. e4 e6 2. Nf3 d5 3. e5 c5 4. b4 Bd7 5. bxc5 Bxc5 6. d4 Be7 7. Ba3 Bxa3 8.
Nxa3 Qa5+ 9. Qd2 Qxa3 10. Bd3 Nh6 11. O-O Nc6 12. Rfb1 b6 13. Rb3 Qe7 14. Re1
Nf5 15. c3 Qd8 16. Qf4 h6 17. Rb2 O-O 18. Qg4 Rc8 19. Rc2 Na5 20. Bxf5 exf5 21.
Qg3 Nc4 22. Nh4 Qg5 23. Qh3 Qg4 24. Qg3 Qxg3 25. fxg3 g5 26. Nf3 Rce8 27. Rce2
f6 28. e6 Bc6 29. e7 Rf7 30. Kf2 Nd6 31. Re6 Ne4+ 0-1

[Event "Open Aubagne 2022/2023"]
[Site "Aubagne"]
[Date "2023.02.04"]
[Round "6.13"]
[White "Beneddra, Nassim"]
[Black "Lai, Bjorn"]
[Result "0-1"]
[WhiteElo "1178"]
[BlackElo "1335"]
[PlyCount "42"]
[WhiteTeam "Echiquier Marseillais 1872"]
[BlackTeam "Club Provence Echecs"]

1. e4 e5 2. Nf3 Nc6 3. Bc4 Bc5 4. d3 h6 5. h3 Nf6 6. O-O O-O 7. Re1 Re8 8. a3
a5 9. c3 d5 10. exd5 Nxd5 11. Bb5 f6 12. Kf1 Bd7 13. Qb3 Nce7 14. Bxd7 Qxd7 15.
d4 exd4 16. Nxd4 Nf5 17. Rxe8+ Rxe8 18. Nf3 Qe6 19. Qc2 Nh4 20. Qd1 Nxf3 21.
gxf3 Qxh3+ 0-1

[Event "Open Aubagne 2022/2023"]
[Site "Aubagne"]
[Date "2023.02.04"]
[Round "6.14"]
[White "Innocenti, Georges"]
[Black "Roman, Sylvian"]
[Result "0-1"]
[WhiteElo "1071"]
[BlackElo "1264"]
[PlyCount "68"]
[WhiteTeam "Cercle d'Echecs Aubagnais"]
[BlackTeam "Cercle d'Echecs Aubagnais"]

1. e4 c5 2. Bc4 d6 3. Nf3 e6 4. Nc3 Be7 5. O-O Nf6 6. d3 O-O 7. a3 Nc6 8. Re1
e5 9. h3 a6 10. Bb3 b5 11. Nd5 Nxd5 12. Bxd5 Bb7 13. Bd2 Rb8 14. Qc1 Kh8 15. b4
f6 16. bxc5 dxc5 17. Nh4 Nd4 18. Bxb7 Rxb7 19. Rb1 f5 20. Nf3 Nxf3+ 21. gxf3 f4
22. Kf1 Bh4 23. Ke2 Qd4 24. Rf1 c4 25. Qb2 Qxb2 26. Rxb2 Rc8 27. Bc3 cxd3+ 28.
Kxd3 Rd7+ 29. Ke2 Rxc3 30. Rc1 Bxf2 31. Kxf2 Rd2+ 32. Ke1 Rh2 33. Rd1 Re3+ 34.
Kf1 Rh1+ 0-1

[Event "Open Aubagne 2022/2023"]
[Site "Aubagne"]
[Date "2023.02.04"]
[Round "6.15"]
[White "Roganova, Jeremy"]
[Black "Hovaguimian, Gerard"]
[Result "0-1"]
[WhiteElo "1116"]
[BlackElo "1400"]
[PlyCount "122"]
[WhiteTeam "Cercle d'Echecs Aubagnais"]
[BlackTeam "Hay Chess"]

1. e4 c5 2. d4 cxd4 3. c3 d6 4. cxd4 Nc6 5. Nf3 Nf6 6. Nc3 a6 7. Bc4 e6 8. O-O
Be7 9. Qe2 d5 10. Bb3 dxe4 11. Nxe4 h6 12. Rd1 Nd5 13. Ne5 Qc7 14. Qh5 Nxe5 15.
dxe5 Qc6 16. Bg5 Bxg5 17. Nd6+ Kd8 18. Nxf7+ Ke7 19. Nxh8 Qe8 20. Ng6+ Kd7 21.
Ba4+ b5 22. Rxd5+ exd5 23. e6+ Kd6 24. Bc2 Qxe6 25. Nf8 Qe7 26. Qg6+ Qf6 27.
Rd1 Qxg6 28. Nxg6 Be6 29. Be4 Bf7 30. f3 Re8 31. Kf2 Kc5 32. Bc2 d4 33. f4 Bf6
34. g3 a5 35. Nh4 Bxh4 36. gxh4 Re7 37. b3 Bh5 38. Rc1 Kb4 39. Bd3 Re3 40. Bb1
Rf3+ 41. Kg2 Rxf4 42. Kg3 Rg4+ 43. Kh3 Rf4 44. Kg3 Rf6 45. Rc7 Rf1 46. Bh7 g6
47. Rg7 Ra1 48. Kf4 Rxa2 49. Bxg6 Bxg6 50. Rxg6 Kxb3 51. Rxh6 d3 52. Rd6 Rxh2
53. Kg3 Re2 54. h5 d2 55. h6 Re8 56. h7 Kc2 57. Kg4 d1=Q+ 58. Rxd1 Kxd1 59. Kg5
Kc2 60. Kg6 Kb3 61. Kg7 a4 0-1

[Event "Open Aubagne 2022/2023"]
[Site "Aubagne"]
[Date "2023.02.04"]
[Round "6.16"]
[White "Cavanihac, Claude"]
[Black "Duconseille, Doriane"]
[Result "1-0"]
[WhiteElo "1337"]
[BlackElo "1103"]
[PlyCount "50"]
[WhiteTeam "Cercle d'Echecs Aubagnais"]
[BlackTeam "Echiquier Marseillais 1872"]

1. d4 Nf6 2. c4 g6 3. Nc3 d5 4. cxd5 Nxd5 5. e4 Nxc3 6. bxc3 Bg7 7. e5 O-O 8.
f4 c5 9. Nf3 Nc6 10. d5 Nb8 11. Be2 e6 12. c4 Na6 13. Bd2 Bd7 14. O-O Rb8 15.
Be3 Qc7 16. dxe6 Bxe6 17. Ng5 Rfd8 18. Qe1 Bf5 19. Qh4 h6 20. g4 Bd7 21. Ne4 b6
22. Nf6+ Kh8 23. g5 h5 24. Bxh5 Bxf6 25. Bxg6+ Kg7 1-0

[Event "Open Aubagne 2022/2023"]
[Site "Aubagne"]
[Date "2023.02.04"]
[Round "6.17"]
[White "Turpin, Isabelle"]
[Black "Evrard, Nicolas"]
[Result "0-1"]
[WhiteElo "1115"]
[BlackElo "1304"]
[PlyCount "106"]
[WhiteTeam "Cercle d'Echecs Aubagnais"]
[BlackTeam "Salon Nostradamus"]

1. c4 c5 2. Nf3 Nc6 3. e4 e5 4. Be2 Nf6 5. d3 d6 6. Nc3 Be7 7. h3 O-O 8. Nd5
Nxd5 9. cxd5 Nd4 10. Nxd4 cxd4 11. Bg4 Bg5 12. O-O f5 13. Bf3 f4 14. g3 Bxh3
15. Re1 Bd7 16. Bg4 Qc7 17. f3 Rf6 18. Bd2 Bxg4 19. fxg4 Qd7 20. Kg2 f3+ 21.
Kf2 Qxg4 22. Rh1 Bxd2 23. Qxd2 b6 24. Rh4 Qg6 25. Rah1 h6 26. g4 Rf4 27. Rg1
Raf8 28. Rg3 R8f6 29. Qd1 Kf8 30. Qh1 Qf7 31. Qh3 Qc7 32. Rg1 Qc2+ 33. Kg3 Qxd3
34. Kf2 Qe2+ 35. Kg3 f2 36. Rf1 Rf3+ 37. Kg2 Rxh3 38. Rxh3 Qxe4+ 39. Kh2 d3 40.
g5 hxg5 41. Rh8+ Kf7 42. Ra8 Qf4+ 43. Kg2 Qe4+ 44. Kh2 d2 45. Rxa7+ Kg6 46. b3
Qe1 47. Kg2 d1=Q 48. Rxe1 fxe1=Q 49. Rxg7+ Kxg7 50. a4 Qee2+ 51. Kg3 Qf3+ 52.
Kh2 Qd2+ 53. Kg1 Qf1# 0-1

[Event "Open Aubagne 2022/2023"]
[Site "Aubagne"]
[Date "2023.02.04"]
[Round "6.18"]
[White "Pretini, Augustin"]
[Black "Burnel, Marie-France"]
[Result "1-0"]
[WhiteElo "1238"]
[BlackElo "1007"]
[PlyCount "51"]
[WhiteTeam "Cercle d'Echecs Aubagnais"]
[BlackTeam "Cercle d'Echecs Aubagnais"]

1. d4 d5 2. c4 dxc4 3. e4 c6 4. Bxc4 Nd7 5. Nc3 h6 6. Nf3 Nb6 7. Bb3 g5 8. h3
Be6 9. d5 cxd5 10. exd5 Bd7 11. Ne5 Nf6 12. d6 exd6 13. Nxf7 Qc8 14. Nxh8 Nc4
15. Qe2+ Ne5 16. Ng6 Qc6 17. Nxe5 dxe5 18. Qxe5+ Be7 19. Ba4 Qxg2 20. Bxd7+
Kxd7 21. Rf1 Rd8 22. Qg3 Qc6 23. Be3 Bb4 24. Bxa7 b6 25. O-O-O+ Kc8 26. Qb8#
1-0

[Event "Open Aubagne 2022/2023"]
[Site "Aubagne"]
[Date "2023.02.04"]
[Round "6.20"]
[White "Pouliquen, Gilbert"]
[Black "Genta, Melina"]
[Result "1-0"]
[WhiteElo "1203"]
[BlackElo "1099"]
[PlyCount "99"]
[WhiteTeam "Echiquier Marseillais 1872"]
[BlackTeam "La Ciotat Echecs (LCE)"]

1. d4 d5 2. c4 e5 3. dxe5 d4 4. Nf3 Nc6 5. g3 Bg4 6. Bg2 Bxf3 7. Bxf3 Nxe5 8.
Bxb7 Rb8 9. Bg2 Nxc4 10. Qa4+ Qd7 11. Qxc4 Bb4+ 12. Nd2 Bxd2+ 13. Bxd2 Ne7 14.
Bb4 O-O 15. O-O Rfe8 16. Rfd1 Red8 17. Rd3 Nd5 18. Ba3 Nb6 19. Qc6 Qxc6 20.
Bxc6 Nc4 21. Bc5 Ne5 22. Be7 Nxc6 23. Bxd8 Rxd8 24. Rad1 h6 25. e3 Ne5 26. Rb3
Nc6 27. Kg2 Na5 28. Rbd3 c5 29. exd4 cxd4 30. Rxd4 Rxd4 31. Rxd4 Nc6 32. Rd6
Na5 33. Ra6 Nc4 34. Rxa7 Nxb2 35. a4 Nc4 36. a5 Nd6 37. a6 Kf8 38. Ra8+ Ke7 39.
a7 Nb5 40. Rb8 Nxa7 41. Rb7+ Kf6 42. Rxa7 Kg6 43. f4 f5 44. Kf3 Kh5 45. h3 g6
46. g4+ Kh4 47. gxf5 gxf5 48. Ra5 h5 49. Rxf5 Kxh3 50. Rxh5# 1-0

[Event "Open Aubagne 2022/2023"]
[Site "Aubagne"]
[Date "2023.02.04"]
[Round "6.22"]
[White "Periale, Francine"]
[Black "Belaid, Myriam"]
[Result "1/2-1/2"]
[WhiteElo "1009"]
[BlackElo "1199"]
[PlyCount "95"]
[WhiteTeam "Cercle d'Echecs Aubagnais"]
[BlackTeam "Cercle d'Echecs Aubagnais"]

1. d4 d6 2. Bf4 Nf6 3. Nf3 Nbd7 4. e3 c6 5. h3 h5 6. Bd3 Qc7 7. c3 e5 8. dxe5
dxe5 9. Nxe5 Nxe5 10. Bc2 Bd6 11. Nd2 g6 12. Ne4 Nxe4 13. Bxe4 O-O 14. Qc2 f5
15. Bd3 Nxd3+ 16. Qxd3 Re8 17. Bxd6 Qd7 18. Qc4+ Qf7 19. Qxf7+ Kxf7 20. Rd1 Bd7
21. Bf4 Rad8 22. Ke2 c5 23. Rd2 Bc6 24. f3 Kf6 25. Rhd1 Ke7 26. Bg5+ Kf7 27.
Bxd8 f4 28. Bg5 Bb5+ 29. Ke1 fxe3 30. Bxe3 Rxe3+ 31. Kf2 Re8 32. b3 c4 33. bxc4
Bxc4 34. Rd7+ Re7 35. a3 Bb5 36. Rxe7+ Kxe7 37. Re1+ Kf7 38. Rb1 a6 39. c4 Bxc4
40. Rxb7+ Kf6 41. Rb6+ Kg5 42. h4+ Kh6 43. Rc6 Bb5 44. Rc5 Kg7 45. f4 Kh6 46.
Rc8 Kg7 47. Re8 Bxe8 48. Kf3 1/2-1/2

[Event "Open Aubagne 2022/2023"]
[Site "Aubagne"]
[Date "2023.02.04"]
[Round "6.24"]
[White "Terlecki, Mae"]
[Black "Belaid, Noa"]
[Result "0-1"]
[WhiteElo "1009"]
[BlackElo "1132"]
[PlyCount "82"]
[WhiteTeam "La Ciotat Echecs (LCE)"]
[BlackTeam "Cercle d'Echecs Aubagnais"]

1. e4 c5 2. Nf3 d6 3. Bb5+ Bd7 4. a4 a6 5. Be2 Nf6 6. O-O Nxe4 7. Nc3 Nxc3 8.
bxc3 e5 9. h3 Nc6 10. Re1 Be7 11. Ba3 O-O 12. d3 Bf6 13. Qd2 Re8 14. Qe3 b6 15.
Rab1 Ne7 16. Qe4 Bxa4 17. Qxa4 b5 18. Qb3 Ng6 19. h4 Nxh4 20. Nd2 Qb6 21. Qa2
Qc6 22. Bf3 Nxf3+ 23. Nxf3 a5 24. Bb2 d5 25. Red1 b4 26. Ne1 c4 27. Rdc1 e4 28.
d4 Reb8 29. Rd1 a4 30. Rbc1 b3 31. Qb1 Bg5 32. Ba3 Bxc1 33. Rxc1 Qe6 34. Kf1 f5
35. g3 e3 36. f3 Qh6 37. Ke2 Qh2+ 38. Kxe3 Qxg3 39. Kd2 Qf2+ 40. Kd1 Re8 41.
Qa1 Qxe1# 0-1

[Event "Open Aubagne 2022/2023"]
[Site "Aubagne"]
[Date "2023.02.04"]
[Round "6.25"]
[White "Genta, Noam"]
[Black "Peucelle, Richard"]
[Result "0-1"]
[WhiteElo "1009"]
[BlackElo "1199"]
[PlyCount "62"]
[WhiteTeam "La Ciotat Echecs (LCE)"]
[BlackTeam "Cercle d'Echecs Aubagnais"]

1. e4 e5 2. Nf3 Nc6 3. Nc3 Nf6 4. Bc4 Bc5 5. Ng5 O-O 6. O-O h6 7. Nf3 d6 8. h3
Be6 9. Bd3 Qe7 10. Bb5 Na5 11. Nh2 a6 12. Ba4 Nc4 13. Qf3 Nb6 14. Bb3 Bxb3 15.
axb3 Qe6 16. Qg3 Rad8 17. d4 Bxd4 18. Bxh6 Nh5 19. Qg5 Qxh6 20. Qxh6 gxh6 21.
Nb5 Bxb2 22. Rab1 Bd4 23. Rbd1 Nf4 24. g3 Ne2+ 25. Kh1 c6 26. Nxd4 exd4 27. Rd3
Rde8 28. Rf3 Rxe4 29. Rf6 Kg7 30. Ng4 Nxg3+ 31. fxg3 Re2 0-1

[Event "Open Aubagne 2022/2023"]
[Site "Aubagne"]
[Date "2023.02.04"]
[Round "6.28"]
[White "Pegon, Claude"]
[Black "Lognos, Lina"]
[Result "1-0"]
[WhiteElo "1058"]
[BlackElo "1009"]
[PlyCount "61"]
[WhiteTeam "Cassis Echecs"]
[BlackTeam "Cercle d'Echecs Aubagnais"]

1. e4 c5 2. Nf3 d6 3. Bc4 e6 4. Nc3 Nc6 5. d4 cxd4 6. Nxd4 Nge7 7. O-O a6 8. a3
d5 9. exd5 exd5 10. Bb3 g6 11. Bg5 h6 12. Bf6 Rg8 13. Re1 Bg7 14. Qf3 Bxf6 15.
Qxf6 Kf8 16. Nxc6 bxc6 17. Re5 Ra7 18. Ba4 Rd7 19. Re3 d4 20. Rf3 Rg7 21. Ne2
Nd5 22. Qxd4 Bb7 23. Qc5+ Ne7 24. Nc3 Rd2 25. g3 Rxc2 26. Bxc2 Qd2 27. Ne4 Qe2
28. Rb3 Qb5 29. Rxb5 axb5 30. Rb1 Ke8 31. Nd6+ 1-0

[Event "Open Aubagne 2022/2023"]
[Site "Aubagne"]
[Date "2023.02.04"]
[Round "6.8"]
[White "Hassaine, Rachid"]
[Black "Normand, Christophe"]
[Result "0-1"]
[WhiteElo "1354"]
[BlackElo "1237"]
[PlyCount "160"]

1. e4 d5 2. e5 c5 3. c3 Nc6 4. d4 e6 5. Nf3 Nge7 6. dxc5 Ng6 7. b4 Ncxe5 8.
Nxe5 Nxe5 9. Bf4 Nd7 10. Bb5 a6 11. Qa4 Be7 12. c6 bxc6 13. Bxc6 Ra7 14. Be3
Qc7 15. Bxa7 Qxa7 16. O-O O-O 17. Bb5 Nb6 18. Qa3 Qb7 19. Be2 Na8 20. Qb3 Nc7
21. a4 Rd8 22. Rd1 Bf6 23. Ra2 Qa7 24. b5 Na8 25. Rc2 Bb7 26. c4 d4 27. c5 Be4
28. Bd3 Bd5 29. Qb2 axb5 30. axb5 Qb7 31. c6 Qb6 32. Qa3 Nc7 33. Qc5 Qxc5 34.
Rxc5 Be7 35. Rcc1 Rb8 36. Nd2 Bg5 37. g3 Rb6 38. f4 Be7 39. Nc4 Rxb5 40. Ne5
Rb2 41. Rc2 Rb3 42. Bc4 Bxc4 43. Rxc4 f6 44. Ng4 d3 45. Rd4 Bc5 46. Kg2 Bxd4
47. Kf3 Rc3 48. Ke4 d2 49. Kxd4 Rc1 50. Rxd2 Nb5+ 51. Ke3 Rxc6 52. Rd8+ Kf7 53.
Rd7+ Kf8 54. Rb7 Nd6 55. Rb8+ Kf7 56. Nf2 f5 57. Nd3 Rc3 58. h4 Ra3 59. h5 Kf6
60. Rf8+ Ke7 61. Rh8 h6 62. Kd4 Nb5+ 63. Ke3 Nd6 64. Kd2 Ne4+ 65. Kc2 Nxg3 66.
Rb8 Nxh5 67. Rb7+ Kf6 68. Rb8 Ra2+ 69. Kb3 Ra7 70. Rf8+ Rf7 71. Re8 g5 72.
fxg5+ hxg5 73. Kc2 Nf4 74. Rh8 Nxd3 75. Kxd3 Rg7 76. Rf8+ Rf7 77. Rh8 f4 78.
Kd4 Kf5 79. Kd3 e5 80. Ke2 e4 0-1

[Event "Open Aubagne 2022/2023"]
[Site "Aubagne"]
[Date "2023.03.04"]
[Round "7.1"]
[White "Mouhieddine, Hocine"]
[Black "Roganova, Maxime"]
[Result "1-0"]
[WhiteElo "1620"]
[BlackElo "1787"]
[PlyCount "57"]
[WhiteTeam "Echiquier Marseillais 1872"]
[BlackTeam "Cercle d'Echecs Aubagnais"]

1. e4 c5 2. Nf3 d6 3. c3 Nf6 4. h3 e5 5. Be2 Nc6 6. Qc2 Be7 7. O-O O-O 8. d3 d5
9. Nh2 Re8 10. f4 exf4 11. Bxf4 dxe4 12. dxe4 Bd6 13. Nd2 Nd5 14. exd5 Rxe2 15.
Qd3 Re8 16. Bxd6 Qxd6 17. Nc4 Qd7 18. Rad1 Ne5 19. Nxe5 Rxe5 20. c4 b5 21. b3
Rg5 22. Qe3 Rg6 23. Rde1 Ba6 24. Rf4 bxc4 25. bxc4 h6 26. Re4 Kh7 27. Nf3 Qxh3
28. Ng5+ Rxg5 29. Qxh3 1-0

[Event "Open Aubagne 2022/2023"]
[Site "Aubagne"]
[Date "2023.03.04"]
[Round "7.2"]
[White "Espanet, Fabien"]
[Black "Richard, Anthony"]
[Result "1-0"]
[WhiteElo "1552"]
[BlackElo "1420"]
[PlyCount "43"]
[WhiteTeam "Cercle d'Echecs Aubagnais"]
[BlackTeam "L'Echiquier du Roy René"]

1. e4 c5 2. Nf3 Nc6 3. d4 cxd4 4. Nxd4 g6 5. c4 Bg7 6. Be3 Nf6 7. Nc3 Qa5 8.
Nb3 Qc7 9. Be2 d6 10. O-O O-O 11. Qd2 a6 12. Nd5 Nxd5 13. cxd5 Ne5 14. Rac1 Qd8
15. f4 Ng4 16. Bxg4 Bxg4 17. f5 e6 18. h3 exd5 19. hxg4 dxe4 20. Bg5 Qd7 21. f6
Qxg4 22. fxg7 1-0

[Event "Open Aubagne 2022/2023"]
[Site "Aubagne"]
[Date "2023.03.04"]
[Round "7.3"]
[White "Tramarin, Matteo"]
[Black "Touaoula, Rachid"]
[Result "1-0"]
[WhiteElo "1666"]
[BlackElo "1386"]
[PlyCount "110"]
[WhiteTeam "Cercle d'Echecs Aubagnais"]
[BlackTeam "Echiquier Marseillais 1872"]

1. c4 e5 2. Nc3 Nf6 3. g3 Nc6 4. Bg2 Bc5 5. Nf3 d6 6. a3 a5 7. Rb1 O-O 8. O-O
Bf5 9. d3 e4 10. Nh4 Bg6 11. Nxg6 fxg6 12. Nxe4 Nxe4 13. Bxe4 Qf6 14. e3 Rae8
15. Bd5+ Kh8 16. d4 Bb6 17. b4 axb4 18. axb4 h5 19. Bxc6 bxc6 20. c5 Ba7 21.
Bd2 h4 22. Ra1 Bb8 23. Qg4 d5 24. Qxh4+ Qxh4 25. gxh4 Re4 26. f4 Rf5 27. Ra8
Re8 28. Kg2 Kg8 29. Kg3 Kf7 30. Kf3 Rh8 31. Be1 Ke6 32. Bg3 Kd7 33. Ra2 Rhf8
34. Rb1 R5f7 35. Ra8 Kc8 36. b5 Kb7 37. Ra5 Re8 38. bxc6+ Kxc6 39. Ra6+ Kd7 40.
Rxg6 c6 41. Rb7+ Bc7 42. Ra7 Rfe7 43. Bf2 Rb8 44. Rd6+ Kc8 45. Rxc6 Rb3 46.
Raa6 Kb7 47. Re6 Rf7 48. Bg3 Rb1 49. Ra2 Rf1+ 50. Kg4 Rb1 51. f5 Bxg3 52. hxg3
Rf1 53. Rb6+ Kc8 54. Ra8+ Kd7 55. Ra7+ Ke8 1-0

[Event "Open Aubagne 2022/2023"]
[Site "Aubagne"]
[Date "2023.03.04"]
[Round "7.4"]
[White "Cescon, Moreno"]
[Black "Madi, Chahinez"]
[Result "0-1"]
[WhiteElo "1592"]
[BlackElo "1459"]
[PlyCount "120"]
[WhiteTeam "Club d'Echecs Pennois (CEP)"]
[BlackTeam "Cercle d'Echecs Aubagnais"]

1. e4 c5 2. Nc3 a6 3. g3 d6 4. Bg2 Nf6 5. Nge2 e6 6. d4 cxd4 7. Nxd4 Be7 8. O-O
O-O 9. Be3 e5 10. Nf5 Nc6 11. h4 Be6 12. Nxe7+ Nxe7 13. Bg5 Ne8 14. Nd5 f6 15.
Be3 Rc8 16. c3 h6 17. f4 Bxd5 18. exd5 Nf5 19. Qe2 Nxg3 20. Qg4 Nxf1 21. Rxf1
f5 22. Qg3 e4 23. Bd4 Qa5 24. Rd1 Qxa2 25. Qg6 Qxd5 26. Kf2 Qf7 27. Qg3 Nf6 28.
Rg1 Ng4+ 29. Ke1 h5 30. Bf1 Qa2 31. c4 Qa5+ 32. Qc3 Qxc3+ 33. Bxc3 Rfd8 34. Be2
d5 35. cxd5 Rxd5 36. Bd1 Kh7 37. Bb3 Rd3 38. Be6 Re3+ 39. Kd2 Rd8+ 40. Kc2 Re2+
41. Kb3 g6 42. Rc1 Re3 43. Ka2 Rd6 44. Bb3 Rc6 45. Bc2 Rcxc3 46. bxc3 Rxc3 47.
Kb2 Rc6 48. Rd1 Ne3 49. Rd7+ Kh8 50. Bb3 Nc4+ 51. Ka2 b5 52. Rb7 Rd6 53. Rc7
Rd2+ 54. Ka1 e3 55. Re7 e2 56. Kb1 Rb2+ 57. Kc1 Rxb3 58. Rxe2 Re3 59. Ra2 Re1+
60. Kc2 Re2+ 0-1

[Event "Open Aubagne 2022/2023"]
[Site "Aubagne"]
[Date "2023.03.04"]
[Round "7.5"]
[White "Ghazarian, David"]
[Black "Vrillet, Loan"]
[Result "0-1"]
[WhiteElo "1579"]
[BlackElo "1306"]
[PlyCount "84"]
[WhiteTeam "Cercle d'Echecs Aubagnais"]
[BlackTeam "Cercle d'Echecs Aubagnais"]

1. b3 e5 2. Bb2 Nc6 3. Nf3 d6 4. e3 f6 5. Be2 Be6 6. O-O Qd7 7. c4 Nge7 8. d4
exd4 9. exd4 Bf5 10. Nc3 d5 11. Re1 O-O-O 12. c5 h5 13. a3 g5 14. b4 Ng6 15. b5
Nce7 16. c6 Qd6 17. cxb7+ Kb8 18. b6 cxb6 19. Nb5 Qd7 20. Qa4 Qxb7 21. Rac1 Rc8
22. Nd6 Bd7 23. Bb5 Bxb5 24. Qxb5 a6 25. Rxc8+ Nxc8 26. Qe8 Bxd6 27. Qxg6 Be7
28. a4 Qd7 29. a5 Bb4 30. Rc1 Qd6 31. Qg7 Re8 32. axb6 Nxb6 33. Bc3 Bxc3 34.
Rxc3 Qe7 35. Qxe7 Rxe7 36. Kf1 Nc4 37. g3 a5 38. Rc2 a4 39. Nd2 a3 40. Nxc4
dxc4 41. Rxc4 a2 42. Ra4 Ra7 0-1

[Event "Open Aubagne 2022/2023"]
[Site "Aubagne"]
[Date "2023.03.04"]
[Round "7.6"]
[White "Maggio, Lucas"]
[Black "Hassaine, Rachid"]
[Result "1/2-1/2"]
[WhiteElo "1262"]
[BlackElo "1379"]
[PlyCount "108"]
[WhiteTeam "Cercle d'Echecs Aubagnais"]
[BlackTeam "Cercle d'Echecs Aubagnais"]

1. c4 e6 2. Nc3 d5 3. d4 Nf6 4. Nf3 c5 5. cxd5 Nxd5 6. e4 Nxc3 7. bxc3 Qa5 8.
Bd2 cxd4 9. cxd4 Bb4 10. Rb1 Bxd2+ 11. Qxd2 Qxd2+ 12. Nxd2 b6 13. f3 O-O 14.
Nb3 Rd8 15. Bc4 Bb7 16. O-O Nd7 17. Rfc1 Nf6 18. a4 Rac8 19. Bb5 a6 20. Bf1 Bc6
21. Bxa6 Ra8 22. Bb5 Bxb5 23. axb5 Rdc8 24. Rc6 Rxc6 25. bxc6 Rc8 26. Na5 bxa5
27. c7 Nd7 28. Rb7 g6 29. d5 exd5 30. exd5 f5 31. Kf2 f4 32. Ke2 Kf7 33. Ra7
Ke7 34. Kd3 a4 35. Kd4 Kd6 36. Rxa4 Rxc7 37. Ra6+ Nb6 38. Rxb6+ Kd7 39. Rf6 Ke8
40. Rxf4 Rc2 41. Rg4 Kd7 42. h4 Rd2+ 43. Ke5 Re2+ 44. Kf6 Kd6 45. Kg7 Re7+ 46.
Kh6 Kxd5 47. h5 gxh5 48. Kxh5 Rf7 49. Rg5+ Kd4 50. Rg4+ Ke3 51. f4 Rxf4 52.
Rxf4 Kxf4 53. g4 h6 54. Kxh6 Kxg4 1/2-1/2

[Event "Open Aubagne 2022/2023"]
[Site "Aubagne"]
[Date "2023.03.04"]
[Round "7.7"]
[White "Madi, Mohammed"]
[Black "Tramarin, Lucas"]
[Result "1-0"]
[WhiteElo "1353"]
[BlackElo "1220"]
[PlyCount "45"]
[WhiteTeam "Cercle d'Echecs Aubagnais"]
[BlackTeam "Cercle d'Echecs Aubagnais"]

1. e4 c6 2. d4 d5 3. Nd2 dxe4 4. Nxe4 Bf5 5. Ng3 Bg6 6. Nh3 h6 7. Bc4 Nf6 8.
O-O e6 9. Re1 Nd5 10. Bb3 Bb4 11. Bd2 Bxd2 12. Qxd2 O-O 13. c4 Nf6 14. Rad1 Qb6
15. Nf4 Bh7 16. c5 Qb5 17. Rxe6 Na6 18. Rxf6 gxf6 19. Nfh5 Bg6 20. Qxh6 Bxh5
21. Nxh5 Qf1+ 22. Rxf1 Nxc5 23. Qg7# 1-0

[Event "Open Aubagne 2022/2023"]
[Site "Aubagne"]
[Date "2023.03.04"]
[Round "7.8"]
[White "Leonti, Denis"]
[Black "Cotton, Paul"]
[Result "0-1"]
[WhiteElo "1179"]
[BlackElo "1306"]
[PlyCount "104"]
[WhiteTeam "Hay Chess"]
[BlackTeam "Cercle d'Echecs Aubagnais"]

1. e4 c5 2. Nc3 d6 3. g3 Nc6 4. Bg2 Bd7 5. Nge2 Rb8 6. d4 cxd4 7. Nxd4 g6 8.
Nxc6 Bxc6 9. O-O Bg7 10. Re1 Nf6 11. Bg5 h6 12. Be3 O-O 13. Bxa7 Ra8 14. Be3 b5
15. a3 Qc7 16. Qc1 Kh7 17. f4 Ng4 18. h3 Nxe3 19. Qxe3 Ra7 20. f5 gxf5 21. exf5
Bxg2 22. Kxg2 Qb7+ 23. Qf3 Qxf3+ 24. Kxf3 Bxc3 25. bxc3 Rc8 26. Re3 Rac7 27.
Rb1 Rc5 28. Rxe7 Rxc3+ 29. Kf4 R8c4+ 30. Re4 Rc5 31. Reb4 Rxc2 32. Rxb5 R5c4+
33. Ke3 R4c3+ 34. Kd4 Rxa3 35. R1b3 Ra4+ 36. R5b4 Rxb4+ 37. Rxb4 Rd2+ 38. Ke3
Rd1 39. Rd4 Rxd4 40. Kxd4 Kg7 41. Kd5 Kf6 42. g4 Ke7 43. h4 Kd7 44. g5 hxg5 45.
hxg5 Ke7 46. f6+ Kd7 47. Ke4 Ke6 48. Kf4 d5 49. Ke3 Kf5 50. Kd4 Kxg5 51. Kxd5
Kxf6 52. Kd4 Kg5 0-1

[Event "Open Aubagne 2022/2023"]
[Site "Aubagne"]
[Date "2023.03.04"]
[Round "7.10"]
[White "Gamblin, Vincent"]
[Black "Roman, Sylvian"]
[Result "0-1"]
[WhiteElo "1454"]
[BlackElo "1249"]
[PlyCount "96"]
[WhiteTeam "L'Echiquier du Roy René"]
[BlackTeam "Cercle d'Echecs Aubagnais"]

1. e4 c5 2. Nf3 d6 3. d4 cxd4 4. Nxd4 Nf6 5. Nc3 a6 6. f3 e5 7. Nb3 Be6 8. Be3
Be7 9. Qd2 O-O 10. Na4 Nbd7 11. Be2 b5 12. Nc3 Nb6 13. Bxb6 Qxb6 14. Nd5 Bxd5
15. exd5 a5 16. Qd3 Rfb8 17. a4 b4 18. O-O-O Nd7 19. h4 Nc5 20. Nxc5 Qxc5 21.
b3 Rc8 22. Qe4 Qc3 23. Kb1 Qc5 24. Bd3 g6 25. h5 f5 26. Qe2 Bf6 27. Bc4 Re8 28.
hxg6 hxg6 29. Rh6 Kg7 30. Rdh1 Rh8 31. Qd2 f4 32. Rxh8 Rxh8 33. Rxh8 Kxh8 34.
c3 Qg1+ 35. Kc2 Qb6 36. cxb4 axb4 37. g3 g5 38. gxf4 exf4 39. Qh2+ Kg7 40. Qe2
Qd4 41. Qd3 Qb2+ 42. Kd1 Qa1+ 43. Ke2 Qb2+ 44. Qd2 Qe5+ 45. Kf1 Qa1+ 46. Kg2
Bd4 47. Qxb4 Qg1+ 48. Kh3 Qg3# 0-1